| 000 | 00486nam a2200169Ia 4500 | ||
|---|---|---|---|
| 008 | 230917s9999||||xx |||||||||||||| ||und|| | ||
| 020 | _cUSD150.99 | ||
| 040 |
_e245325 _aMAIN |
||
| 041 | _aEnglish | ||
| 082 | _a579 P541M | ||
| 100 | _aPhillip, Lucy, ed. | ||
| 245 | 0 | _aMicrobiology: Probiotics and related applications | |
| 260 |
_aNew York _bSyrawood Publishing House _c2017 |
||
| 300 | _avii, 232 p. | ||
| 500 | _a3022 25/01/2018 RBP18/68893 07/02/2018 Main Budget | ||
| 942 | _cBK | ||
| 999 |
_c25685 _d25685 |
||